| 000 | 00571nam a2200169 a 4500 | ||
|---|---|---|---|
| 001 | 000037491 | ||
| 005 | 20200930080408.0 | ||
| 008 | 120420s1996 dr a 000 0 spa d | ||
| 040 |
_aDO-SdBNP _bspa _cBNPHU |
||
| 100 | 1 |
_aHernández, Ramón _912898 |
|
| 245 | 1 | 0 |
_aCultivo de yautia / _cRamón Hernández,. |
| 260 |
_aSanto Domingo : _bFundación de Desarrollo Agropecuario, _c1996. |
||
| 300 |
_a38 p. : _bil. ; _c28 cm. |
||
| 490 | 1 |
_aGuía técnica _acultivos _v27 |
|
| 710 | 2 |
_aFundación de Desarrollo Agropecuario _916453 |
|
| 830 | 0 |
_aGuía técnica _pcultivos _v27 _963939 |
|
| 999 |
_c36981 _d36981 |
||